Cell phone nation : (Record no. 95083)
[ view plain ]
| 000 -LEADER | |
|---|---|
| fixed length control field | 01000nam a22002417a 4500 |
| 005 - DATE AND TIME OF LATEST TRANSACTION | |
| control field | 20150817111930.0 |
| 010 ## - LCCN (DPL NO) | |
| LC control number | ENG-113550 |
| 020 ## - INTERNATIONAL STANDARD BOOK NUMBER | |
| Terms of availability | 399.00 |
| International Standard Book Number | 9789350099889 |
| 035 ## - SYSTEM CONTROL NUMBER | |
| System control number | EN- 97082 |
| 037 ## - SOURCE OF ACQUISITION | |
| Source of stock number/acquisition | DBAD/PUB |
| 082 ## - DEWEY DECIMAL CLASSIFICATION NUMBER | |
| Classification number | 303.4833 |
| 100 ## - MAIN ENTRY--PERSONAL NAME | |
| Personal name | Jeffrey, Robin |
| 245 ## - TITLE STATEMENT | |
| Title | Cell phone nation : |
| Statement of responsibility, etc | by Robin Jeffrey [and] Assa Doron |
| Remainder of title | how mobiie phones have revolutionized business, politics and ordinary life in India / |
| 260 ## - PUBLICATION, DISTRIBUTION, ETC. (IMPRINT) | |
| Place of publication, distribution, etc | Gurgaon |
| Name of publisher, distributor, etc | Hachette Book Publishing |
| Date of publication, distribution, etc | 2013 |
| 270 ## - ADDRESS | |
| Address | 4th & 5th Floors, Corporate Center, Plot No. 94, Sector 44 |
| City | Gurgaon |
| Postal code | 122003 |
| 300 ## - PHYSICAL DESCRIPTION | |
| Extent | xxxiv,293p., 24 unnumbered pages of plates : |
| Dimensions | 23cm(pbk) |
| Other physical details | ill. (some col.), maps |
| 500 ## - GENERAL NOTE | |
| General note | Includes bibliographical references (pages 265-280) and index. |
| 650 ## - SUBJECT ADDED ENTRY--TOPICAL TERM | |
| Topical term or geographic name as entry element | Cell phones |
| General subdivision | Social aspects |
| Geographic subdivision | India. |
| 650 ## - SUBJECT ADDED ENTRY--TOPICAL TERM | |
| Topical term or geographic name as entry element | Cell phones |
| General subdivision | Economic aspects |
| Geographic subdivision | India. |
| 650 ## - SUBJECT ADDED ENTRY--TOPICAL TERM | |
| Topical term or geographic name as entry element | Cell phones |
| General subdivision | Political aspects |
| Geographic subdivision | India. |
| 700 ## - ADDED ENTRY--PERSONAL NAME | |
| Personal name | Doron, Assa |
| 942 ## - ADDED ENTRY ELEMENTS (KOHA) | |
| Source of classification or shelving scheme | Dewey Decimal Classification |
| Item type | English Books |
| Call number suffix | JEF |
| Classification part | 303.4833 |
| Withdrawn status | Lost status | Not for loan | Collection code | Home library | Current library | Date acquired | Source of acquisition | Cost, normal purchase price | Full call number | Barcode | Copy number | Cost, replacement price | Koha item type |
|---|---|---|---|---|---|---|---|---|---|---|---|---|---|
| Not For Loan | Non-fiction | D.B.Act.Division | D.B.Act.Division | 20/07/2015 | DBAD/PUB | 399.00 | 303.4833 JEF | EN-97082 | 1 | 399.00 | English Books |
